00889nam a2200265 u 450000100100000000500170001000800410002702000180006804100090008604300120009510000260010724500830013325000120021626000440022830000210027250000630029365000420035665000350039865000280043365000320046165000340049365000370052770000280056470000310059200006169520200120224110.0140707s2013 ck er| 000 f spa d a97895857165510 aDspa ac-k----1 aMontoya, Pablod1963-14aLos derrotados /cPablo Montoya ; edición Alejandra Toro, Lucía Donadío. a1a. ed. aMedellín :bSílaba Editores,c2013. a318 p. ;c23 cm. aEj.1, Biblioteca Carlos E. Restrepo con ISBN: 97895857655117aNovela colombianaySiglo XX-XXI2LEMB27aNovela colombiana adulta2LEMB27aLiteratura adulta2LEMB27aLiteratura colombiana2LEMB27aGuerra en la literatura2LEMB27aViolencia en la literatura2LEMB1 aToro, Alejandraeeditor1 aDonadío, Lucíaeeditor